000 01387nam0a22002771 4500
001 rc\4427474
005 20250612081229.0
021 _aRU
_b[64-83307]
035 _a(NLR Aleph) 008573452
090 _a8539904
_c8539904
100 _a20130416d1964 |||y0rusy50 ca
101 0 _arus
102 _aRU
105 _aab z |||||
200 1 _aСовременный технический уровень рыболовного и приемно-обрабатывающего флота Германской Демократической Республики и перспективы его развития
_fИнж.-экономист Г. Зоммер
210 _aЛенинград
_c[Судостроение]
_d1964
215 _a17 с.
_cсхем., карт.
_d21
225 1 _aВторая научно-техническая конференция по развитию флота рыбной промышленности стран - членов Совета Экономической Взаимопомощи. Доклад
_v№ 3
300 _aНа обл. авт. не указан
606 _aРыбопромысловый флот
_yГерманская Демократическая Республика
_2psbo
700 1 _aЗоммер
_bГ.
801 0 _aRU
_bNLR
_gpsbo
801 1 _aRU
_bELAR
_2rusmarc
852 _aNLR
_j64-6/12447
942 _cBOOK
980 _aNB